Moses the revelation and the covenant
में बचाया:
| मुख्य लेखक: | |
|---|---|
| स्वरूप: | पुस्तक |
| भाषा: | अंग्रेज़ी |
| प्रकाशित: |
New York, USA
Harper & Row
1958
|
| श्रृंखला: | Harper Torchbooks
|
| विषय: | |
| टैग: |
टैग जोड़ें
कोई टैग नहीं, इस रिकॉर्ड को टैग करने वाले पहले व्यक्ति बनें!
|
MARC
| LEADER | 00000nam a2200000 a 4500 | ||
|---|---|---|---|
| 001 | UCZ5350 | ||
| 003 | CL-VaPUC | ||
| 005 | 20231121113747.0 | ||
| 008 | 951117e19580000US |||||||||||||||||eng|d | ||
| 999 | |c 241668 |d 241666 | ||
| 040 | |c Pontificia Universidad Católica de Valparaíso | ||
| 082 | 0 | 4 | |a 221.92 BUB 1958 |2 21 |
| 100 | 0 | |a Buber, Martin |9 348708 | |
| 245 | 1 | 0 | |a Moses the revelation and the covenant |
| 260 | 0 | 3 | |a New York, USA |b Harper & Row |c 1958 |
| 300 | |a 226 páginas | ||
| 490 | 0 | |a Harper Torchbooks | |
| 583 | |a last modification |c 19951117 00:00:00 |k Rodrigo Vera | ||
| 600 | 0 | |a Dios |9 314467 | |
| 600 | 0 | |a Moisés |9 349294 | |
| 650 | 0 | |a Textos sagrados |9 257605 | |
| 650 | 0 | |a Creencia Religiosa |9 316904 | |
| 650 | 0 | |a Historia |9 255047 | |
| 650 | 7 | |a DOCTRINAS RELIGIOSAS |2 CL-VaPUC |9 337177 | |
| 650 | 0 | |a Teología |9 258766 | |
| 942 | |c BK |2 ddc | ||
| 945 | |d 19951117 00:00:00 |a lriquelm | ||
| 952 | |0 0 |1 0 |2 ddc |4 0 |6 221_920000000000000_BUB_1958 |7 0 |8 P |9 254061 |a BIBEDU |b BIBEDU |c BIBEDU_PB |d 2019-11-19 |i 1571818 |o 221.92 BUB 1958 |p 1571818 |r 2024-01-25 |t 1 |w 2019-11-19 |y BK |k FIL | ||